[Event "Sonderjysk EMT Basis 1 2011"]
[Site "Vojens"]
[Date "2011.05.02"]
[Round "1"]
[White "Schroder, Borge"]
[Black "Jensen, Karl Orskov"]
[Result "1-0"]
[WhiteElo "1686"]
[BlackElo "1483"]
[PlyCount "34"]
[EventDate "2011.??.??"]

1. c4 e5 2. g3 Nc6 3. Bg2 Nf6 4. Nc3 Be7 5. e3 O-O 6. Nge2 d6 7. O-O Be6 8. b3
d5 9. cxd5 Nxd5 10. Bb2 Qd7 11. d4 exd4 12. Nxd4 Nxd4 13. Nxd5 Bxd5 14. Qxd4
Bf6 15. Qxd5 Qxd5 16. Bxd5 Bxb2 17. Rab1 c6 1-0

[Event "Sonderjysk EMT Basis 1 2011"]
[Site "Vojens"]
[Date "2011.05.02"]
[Round "1"]
[White "Zahirovic, Senaid"]
[Black "Clausen, Jorgen"]
[Result "1-0"]
[WhiteElo "1647"]
[BlackElo "1741"]
[PlyCount "55"]
[EventDate "2011.??.??"]

1. e4 c5 2. f4 d6 3. Nf3 g6 4. Bc4 Bg7 5. O-O a6 6. a3 Nf6 7. d3 O-O 8. Nc3 b5
9. Ba2 e6 10. Qe1 Nc6 11. Be3 Ng4 12. Bd2 Nd4 13. Qd1 Nxf3+ 14. Qxf3 Bd4+ 15.
Kh1 Qh4 16. h3 Nf6 17. Be3 Nh5 18. Ne2 Bxb2 19. Rad1 Bb7 20. c3 Bxa3 21. Bf2
Qe7 22. Qg4 Rac8 23. Bh4 Qc7 24. f5 exf5 25. Rxf5 d5 26. Rxh5 dxe4 27. Rh6 Qd6
28. Rxg6+ 1-0

[Event "Sonderjysk EMT Basis 1 2011"]
[Site "Vojens"]
[Date "2011.05.02"]
[Round "1"]
[White "Feldborg, Henrik"]
[Black "Clausen, Hansjorgen"]
[Result "1-0"]
[WhiteElo "1652"]
[BlackElo "1626"]
[PlyCount "113"]
[EventDate "2011.??.??"]

1. d4 d5 2. Nf3 e6 3. e3 Nf6 4. Bd3 Bd6 5. Nbd2 O-O 6. O-O c6 7. e4 dxe4 8.
Nxe4 Nxe4 9. Bxe4 Nd7 10. c4 Qc7 11. Bc2 Bf4 12. Qd3 g6 13. Ng5 Bxc1 14. Raxc1
Nf6 15. Qf3 Kg7 16. Rfe1 Qb6 17. Qc3 Qd8 18. Bb3 Qd6 19. Rcd1 b6 20. d5 exd5
21. cxd5 Qc5 22. Qxc5 bxc5 23. dxc6 Ba6 24. Rc1 Rac8 25. Rxc5 Rc7 26. Ba4 Rd8
27. Rce5 h6 28. Nf3 Bc4 29. Re7 Rdc8 30. Rxc7 Rxc7 31. b3 Bd5 32. Nd4 a6 33. f3
Ng8 34. Rc1 Ne7 35. Rc2 Kf6 36. f4 Nf5 37. Nxf5 Kxf5 38. g3 Ke6 39. Kf2 Kd6 40.
Rd2 Kc5 41. Ke3 Bxc6 42. Bxc6 Rxc6 43. Rc2+ Kd5 44. Rxc6 Kxc6 45. Kd4 Kd6 46.
b4 f6 47. a4 h5 48. b5 axb5 49. axb5 g5 50. f5 h4 51. g4 h3 52. b6 Kc6 53. b7
Kxb7 54. Kd5 Kb6 55. Ke6 Kb5 56. Kxf6 Kc6 57. Kxg5 1-0

[Event "Sonderjysk EMT Basis 1 2011"]
[Site "Vojens"]
[Date "2011.05.02"]
[Round "1"]
[White "Asmund, Erik"]
[Black "Johnk, Gert C"]
[Result "1/2-1/2"]
[WhiteElo "1624"]
[BlackElo "1807"]
[PlyCount "119"]
[EventDate "2011.??.??"]

1. e4 c6 2. Nc3 d5 3. Nf3 dxe4 4. Nxe4 Nf6 5. Ng3 Bg4 6. Be2 Nbd7 7. O-O e6 8.
c3 Bd6 9. d4 Qc7 10. Qc2 O-O-O 11. Ng5 Bxe2 12. Qxe2 Rdf8 13. Qf3 h6 14. N5e4
Nxe4 15. Qxe4 Nf6 16. Qf3 h5 17. h3 Rfg8 18. Ne2 Ne8 19. Bf4 g5 20. Bxd6 Nxd6
21. Qd3 f5 22. Kh1 h4 23. f3 Nf7 24. Rae1 Rh6 25. c4 Rd8 26. Qb3 Rg6 27. Rd1
Nh6 28. Rd3 g4 29. fxg4 fxg4 30. hxg4 Rxg4 31. c5 Re8 32. Rdf3 Nf5 33. Qd3 Qd7
34. Rf4 Reg8 35. Rxg4 Rxg4 36. Rf4 Rxf4 37. Nxf4 Qxd4 38. Qxd4 Nxd4 39. Ng6 Nf5
40. Kh2 b6 41. cxb6 axb6 42. Kh3 Kd7 43. Nxh4 Kd6 44. g4 Ng7 45. Kg3 Kd5 46.
Kf3 Kd4 47. Ke2 Ke4 48. Ng2 e5 49. Ne3 b5 50. b4 Ne6 51. a3 Nd4+ 52. Kd2 Nf3+
53. Ke2 Kf4 54. Nf5 Kxg4 55. Ne7 Nd4+ 56. Ke3 Nc2+ 57. Ke4 Nxa3 58. Nxc6 Nc4
59. Nxe5+ Nxe5 60. Kxe5 1/2-1/2

[Event "Sonderjysk EMT Basis 1 2011"]
[Site "Vojens"]
[Date "2011.05.09"]
[Round "2"]
[White "Schroder, Borge"]
[Black "Zahirovic, Senaid"]
[Result "1/2-1/2"]
[WhiteElo "1686"]
[BlackElo "1647"]
[PlyCount "123"]
[EventDate "2011.??.??"]

1. c4 g6 2. g3 Bg7 3. Bg2 Nc6 4. Nc3 e5 5. e3 Nf6 6. Nge2 Nb4 7. O-O Nd3 8. Qc2
Nxc1 9. Raxc1 O-O 10. b4 c6 11. Qb3 d6 12. d4 Qe7 13. d5 e4 14. Nd4 Bd7 15.
dxc6 bxc6 16. Rfd1 Rab8 17. Nde2 Rb6 18. a3 Rfb8 19. Qc2 Re8 20. Rd2 c5 21. b5
Bf5 22. Nf4 Qe5 23. a4 Be6 24. Nxe4 Nxe4 25. Bxe4 a6 26. a5 Rbb8 27. b6 Bd7 28.
Bg2 Bf5 29. Qd1 Red8 30. Nd5 Kf8 31. Nc7 Bc8 32. Bd5 h5 33. Qf3 Rd7 34. h4 Re7
35. Bc6 Bg4 36. Qd5 Rxc7 37. bxc7 Rc8 38. Rb1 Rxc7 39. Qxd6+ Qxd6 40. Rxd6 Ke7
41. Rd2 Rxc6 42. Rb7+ Ke6 43. Rb6 Bf3 44. Rd3 Rxb6 45. axb6 Be5 46. Rd8 a5 47.
Rd3 a4 48. Ra3 Bd1 49. f4 Bb8 50. Rd3 Bc2 51. Rd8 Bd6 52. b7 Bc7 53. b8=Q Bxb8
54. Rxb8 Bb3 55. e4 Bxc4 56. Rb6+ Kd7 57. Kf2 a3 58. Rb7+ Kc6 59. Ra7 a2 60.
Ke3 Kb5 61. Kd2 Bb3 62. Kc3 1/2-1/2

[Event "Sonderjysk EMT Basis 1 2011"]
[Site "Vojens"]
[Date "2011.05.09"]
[Round "2"]
[White "Clausen, Jorgen"]
[Black "Feldborg, Henrik"]
[Result "1-0"]
[WhiteElo "1741"]
[BlackElo "1652"]
[PlyCount "63"]
[EventDate "2011.??.??"]

1. d4 d5 2. c4 c6 3. Nf3 Nf6 4. Bg5 e6 5. e3 Qa5+ 6. Nbd2 Ne4 7. Bf4 Nd7 8. Bd3
Nxd2 9. Nxd2 e5 10. dxe5 dxc4 11. Bxc4 Nxe5 12. O-O Bb4 13. Bxe5 Qxe5 14. Nf3
Qf6 15. Qb3 Be7 16. Rad1 O-O 17. Rd4 Bd6 18. Rfd1 Rd8 19. Bxf7+ Kh8 20. e4 Bc7
21. e5 Qe7 22. Rxd8+ Bxd8 23. e6 Bc7 24. Rd4 Bb6 25. Re4 Bd7 26. Ne5 Qc5 27.
Ng6+ hxg6 28. Rh4+ Qh5 29. Rxh5+ gxh5 30. exd7 Rf8 31. Qf3 g6 32. Qf6+ 1-0

[Event "Sonderjysk EMT Basis 1 2011"]
[Site "Vojens"]
[Date "2011.05.09"]
[Round "2"]
[White "Clausen, Hansjorgen"]
[Black "Asmund, Erik"]
[Result "1/2-1/2"]
[WhiteElo "1626"]
[BlackElo "1624"]
[PlyCount "25"]
[EventDate "2011.??.??"]

1. d4 Nf6 2. Nf3 d5 3. e3 e6 4. Be2 Be7 5. O-O O-O 6. b3 b6 7. Nbd2 Bb7 8. Bb2
Nbd7 9. a3 a5 10. c3 c6 11. b4 a4 12. Qc2 b5 13. h3 1/2-1/2

[Event "Sonderjysk EMT Basis 1 2011"]
[Site "Vojens"]
[Date "2011.05.09"]
[Round "2"]
[White "Jensen, Karl Orskov"]
[Black "Johnk, Gert C"]
[Result "0-1"]
[WhiteElo "1483"]
[BlackElo "1807"]
[PlyCount "72"]
[EventDate "2011.??.??"]

1. d4 d5 2. Nf3 c6 3. e3 Bg4 4. Nbd2 f5 5. c4 e6 6. a3 Nf6 7. Be2 Be7 8. Ne5
Bxe2 9. Qxe2 O-O 10. b4 Nbd7 11. Bb2 Ne4 12. Ndf3 g5 13. Nxd7 Qxd7 14. Ne5 Qe8
15. c5 g4 16. O-O-O b6 17. f3 gxf3 18. Nxf3 a5 19. Nd2 axb4 20. axb4 Ra4 21.
Nxe4 dxe4 22. Qc4 Bg5 23. Qb3 b5 24. h4 Bf6 25. g4 fxg4 26. Rdf1 h5 27. Rf4 Ra7
28. Rxe4 Re7 29. Qc2 Bg7 30. Qg2 Ref7 31. Rf4 Bh6 32. Rxf7 Bxe3+ 33. Kc2 Qxf7
34. Qxc6 Qg6+ 35. Kb3 Rf2 36. Qxb5 Qc2+ 0-1

[Event "Sonderjysk EMT Basis 1 2011"]
[Site "Vojens"]
[Date "2011.05.16"]
[Round "3"]
[White "Feldborg, Henrik"]
[Black "Schroder, Borge"]
[Result "0-1"]
[WhiteElo "1652"]
[BlackElo "1686"]
[PlyCount "54"]
[EventDate "2011.??.??"]

1. d4 b6 2. e4 Bb7 3. Bd3 e6 4. Nf3 Nf6 5. Qe2 Be7 6. O-O O-O 7. c4 d6 8. e5
dxe5 9. dxe5 Nfd7 10. Nbd2 Nc5 11. Bb1 Nc6 12. Rd1 Qc8 13. Ne4 Nxe4 14. Qxe4 g6
15. Ng5 Rd8 16. Rf1 Rd4 17. Qe2 Qd8 18. f4 Bxg5 19. fxg5 Qe7 20. Be3 Rd7 21.
Be4 Rad8 22. h4 Nd4 23. Bxd4 Bxe4 24. Rf4 Bxg2 25. Qxg2 Rxd4 26. Rxd4 Rxd4 27.
b3 Qc5 0-1

[Event "Sonderjysk EMT Basis 1 2011"]
[Site "Vojens"]
[Date "2011.05.16"]
[Round "3"]
[White "Zahirovic, Senaid"]
[Black "Jensen, Karl Orskov"]
[Result "1-0"]
[WhiteElo "1647"]
[BlackElo "1483"]
[PlyCount "61"]
[EventDate "2011.??.??"]

1. e4 d5 2. e5 Bf5 3. Nf3 c5 4. c3 Nc6 5. Qb3 Rb8 6. Be2 e6 7. O-O Nge7 8. d4
cxd4 9. cxd4 Ng6 10. Be3 Be7 11. Nbd2 Bg4 12. g3 O-O 13. Kg2 f5 14. Ng1 Bxe2
15. Nxe2 h6 16. a3 Qd7 17. Nf3 Na5 18. Qd3 Nc4 19. Bc1 Rfc8 20. h4 Rc6 21. h5
Nf8 22. b3 Nb6 23. Bf4 Rbc8 24. Qe3 Bd8 25. Ne1 Qf7 26. Rh1 Nh7 27. Nd3 a5 28.
Nc5 R8c7 29. Nc3 Qe8 30. a4 Rf7 31. Nb5 1-0

[Event "Sonderjysk EMT Basis 1 2011"]
[Site "Vojens"]
[Date "2011.05.16"]
[Round "3"]
[White "Asmund, Erik"]
[Black "Clausen, Jorgen"]
[Result "0-1"]
[WhiteElo "1624"]
[BlackElo "1741"]
[PlyCount "112"]
[EventDate "2011.??.??"]

1. d4 d5 2. Bf4 e6 3. Nf3 c5 4. e3 Qb6 5. b3 Nc6 6. Be2 Be7 7. O-O cxd4 8. exd4
Bf6 9. c3 Bd7 10. Na3 a6 11. Nc2 Nge7 12. Qd2 O-O 13. Rac1 Rac8 14. Bd3 Nd8 15.
Ne3 Ng6 16. Ng4 Be7 17. Bxg6 fxg6 18. Bg5 Ba3 19. Rc2 Nf7 20. Nge5 Bb5 21. Re1
Nd6 22. Qe3 Nf5 23. Qd2 a5 24. g4 Nd6 25. Qe3 Ne4 26. Bh4 a4 27. Nd2 Nxd2 28.
Qxd2 axb3 29. axb3 Bd6 30. Qe3 Bxe5 31. Qxe5 Bd3 32. Rb2 Rxc3 33. Qxe6+ Qxe6
34. Rxe6 Rc1+ 35. Kg2 Be4+ 36. Rxe4 dxe4 37. Bg3 Rd8 38. Be5 Rd5 39. Re2 Rb1
40. Rxe4 Rxb3 41. Re2 b5 42. Rc2 Rd7 43. Rc8+ Kf7 44. g5 b4 45. Rb8 Ke6 46. f3
Kd5 47. h4 Kc4 48. Kg3 Rb1 49. Rc8+ Kd3 50. Rc5 b3 51. d5 b2 52. Rc3+ Kd2 53.
Rb3 Rg1+ 54. Kf2 b1=Q 55. Bf4+ Kc2 56. Rxb1 Rxb1 0-1

[Event "Sonderjysk EMT Basis 1 2011"]
[Site "Vojens"]
[Date "2011.05.16"]
[Round "3"]
[White "Johnk, Gert C"]
[Black "Clausen, Hansjorgen"]
[Result "0-1"]
[WhiteElo "1807"]
[BlackElo "1626"]
[PlyCount "90"]
[EventDate "2011.??.??"]

1. e4 Nc6 2. d4 e6 3. Nf3 d5 4. exd5 exd5 5. Bf4 Nf6 6. Bb5 Bd7 7. O-O Be7 8.
c3 O-O 9. Qc2 Nh5 10. Bg3 Nxg3 11. fxg3 Bf6 12. Nbd2 Re8 13. Bd3 h6 14. Rae1
Rxe1 15. Rxe1 Be6 16. Bf5 Bxf5 17. Qxf5 Ne7 18. Qd3 Qd7 19. Ne5 Bxe5 20. Rxe5
Ng6 21. Re2 Re8 22. Nf3 Rxe2 23. Qxe2 c6 24. h4 Qe6 25. Qf2 Qf5 26. Kh2 f6 27.
a3 Ne7 28. Qd2 Kf7 29. Ne1 Qe4 30. Nd3 b6 31. Nf2 Qe6 32. g4 g5 33. h5 f5 34.
gxf5 Nxf5 35. Ng4 Kg7 36. Ne5 Ne7 37. g4 Qf6 38. Kg2 c5 39. b4 c4 40. Qe3 Qe6
41. Qf3 b5 42. Kg3 a6 43. Kg2 Qf6 44. Qxf6+ Kxf6 45. Nc6 Nxc6 0-1

[Event "Sonderjysk EMT Basis 1 2011"]
[Site "Vojens"]
[Date "2011.05.26"]
[Round "4"]
[White "Zahirovic, Senaid"]
[Black "Feldborg, Henrik"]
[Result "0-1"]
[WhiteElo "1647"]
[BlackElo "1652"]
[PlyCount "52"]
[EventDate "2011.??.??"]

1. e4 d5 2. e5 Bf5 3. f4 h6 4. Nf3 e6 5. Be2 Bc5 6. d4 Bb6 7. Be3 Nd7 8. b4 Ne7
9. Nbd2 a5 10. b5 c5 11. c4 Bh7 12. Nb3 Rc8 13. Rc1 Nf5 14. Bf2 cxd4 15. Nfxd4
Nxd4 16. Nxd4 Nc5 17. O-O O-O 18. Kh1 Ne4 19. Be3 Qh4 20. Nf3 Ng3+ 21. Kg1
Bxe3+ 22. Rf2 Bxf2+ 23. Kxf2 Ne4+ 24. Kg1 Qxf4 25. c5 Qe3+ 26. Kh1 Nf2+ 0-1

[Event "Sonderjysk EMT Basis 1 2011"]
[Site "Vojens"]
[Date "2011.05.23"]
[Round "4"]
[White "Schroder, Borge"]
[Black "Asmund, Erik"]
[Result "1-0"]
[WhiteElo "1686"]
[BlackElo "1624"]
[PlyCount "79"]
[EventDate "2011.??.??"]

1. c4 c5 2. g3 g6 3. Bg2 Bg7 4. Nc3 Nc6 5. b3 d6 6. Bb2 Nf6 7. e3 O-O 8. Nge2
Rb8 9. O-O e6 10. d4 cxd4 11. Nxd4 Nxd4 12. Qxd4 b6 13. Ne4 Nh5 14. Qd2 Bxb2
15. Qxb2 Bb7 16. Rfd1 Bxe4 17. Bxe4 Qe7 18. Bf3 Ng7 19. Rd2 Rfd8 20. Rad1 Qc7
21. Qa3 Ne8 22. Qa4 Rbc8 23. Qa6 Kg7 24. Rd4 Qe7 25. Qa3 Qc7 26. Qb2 Kg8 27.
Qd2 Qe7 28. e4 Qf6 29. Bg2 e5 30. Rd5 Rc5 31. Rd3 Qe7 32. Rc1 Ng7 33. b4 Rcc8
34. Bh3 Rb8 35. c5 bxc5 36. bxc5 dxc5 37. Rxd8+ Rxd8 38. Qa5 Ne6 39. Bxe6 Qxe6
40. Qxd8+ 1-0

[Event "Sonderjysk EMT Basis 1 2011"]
[Site "Vojens"]
[Date "2011.05.23"]
[Round "4"]
[White "Jensen, Karl Orskov"]
[Black "Clausen, Hansjorgen"]
[Result "0-1"]
[WhiteElo "1483"]
[BlackElo "1626"]
[PlyCount "80"]
[EventDate "2011.??.??"]

1. e4 b6 2. d4 e6 3. Bd3 Bb7 4. Nc3 d6 5. Be3 Nf6 6. f3 Be7 7. Qd2 Nbd7 8. Nge2
c5 9. Bb5 O-O 10. Ng3 cxd4 11. Bxd4 a6 12. Bd3 Nc5 13. Be3 Nxd3+ 14. cxd3 b5
15. O-O d5 16. Nce2 dxe4 17. dxe4 Qxd2 18. Bxd2 Bc5+ 19. Kh1 Bb6 20. Bc3 Nd7
21. b4 Rac8 22. Rfd1 Rfd8 23. Rd3 Nb8 24. Rad1 Rxd3 25. Rxd3 Rd8 26. Rxd8+ Bxd8
27. Nd4 g6 28. Nge2 e5 29. Nb3 Nc6 30. Nc5 Bc8 31. g3 Be7 32. Nd3 f6 33. Kg2
Be6 34. a3 Kf7 35. f4 Bc4 36. Ndc1 exf4 37. gxf4 a5 38. Nd4 Nxd4 39. Bxd4 axb4
40. axb4 Bxb4 0-1

[Event "Sonderjysk EMT Basis 1 2011"]
[Site "Vojens"]
[Date "2011.05.23"]
[Round "4"]
[White "Clausen, Jorgen"]
[Black "Johnk, Gert C"]
[Result "1/2-1/2"]
[WhiteElo "1741"]
[BlackElo "1807"]
[PlyCount "111"]
[EventDate "2011.??.??"]

1. d4 d5 2. c4 c6 3. Nf3 e6 4. Nc3 f5 5. Bf4 Nf6 6. c5 Be7 7. e3 O-O 8. Bd3 Ne4
9. Ne2 Bd7 10. Ne5 Be8 11. f3 Qa5+ 12. Kf1 Nf6 13. Bg3 Nbd7 14. Nf4 Bf7 15.
Nxf7 Kxf7 16. Nh3 h6 17. Ke2 Nh5 18. Qb3 Nxg3+ 19. hxg3 b6 20. cxb6 axb6 21.
Qc3 Rfc8 22. Qxa5 Rxa5 23. a4 Rca8 24. b3 b5 25. Rhc1 Nb8 26. Bc2 bxa4 27. bxa4
Na6 28. Rab1 Ra7 29. Nf4 Ba3 30. Re1 Bb4 31. Rec1 Ba3 32. Re1 Bd6 33. Rb6 Nb4
34. Bb3 R5a6 35. Rxa6 Rxa6 36. Kd2 Rb6 37. Rb1 Na6 38. Bc2 Rxb1 39. Bxb1 g5 40.
Ne2 Bb4+ 41. Kd1 c5 42. e4 fxe4 43. fxe4 c4 44. exd5 exd5 45. g4 Kf6 46. Ng1
Bc3 47. Nf3 Nb4 48. Ke2 Nc6 49. Ke3 Bb2 50. Bc2 Nb4 51. Bb1 c3 52. Ne1 Ke6 53.
Nc2 Nxc2+ 54. Bxc2 Kd6 55. Kd3 Kc6 56. Bb3 1/2-1/2

[Event "Sonderjysk EMT Basis 1 2011"]
[Site "Vojens"]
[Date "2011.05.30"]
[Round "5"]
[White "Johnk, Gert C"]
[Black "Schroder, Borge"]
[Result "1/2-1/2"]
[WhiteElo "1807"]
[BlackElo "1686"]
[PlyCount "64"]
[EventDate "2011.??.??"]

1. e4 b6 2. d4 Bb7 3. Bd3 e6 4. Nc3 Be7 5. Nf3 Nf6 6. O-O c5 7. e5 Nd5 8. Nxd5
Bxd5 9. c3 cxd4 10. Nxd4 Nc6 11. Nxc6 Bxc6 12. Qg4 g6 13. Bh6 Bf8 14. Bxf8 Rxf8
15. a4 h5 16. Qd4 Qc7 17. Ba6 Bb7 18. Bxb7 Qxb7 19. Rfd1 Rc8 20. Rd3 Rc5 21. c4
Rc7 22. b3 Qc6 23. Rad1 Qc5 24. Qf4 Qe7 25. Rf3 Rc6 26. Qd4 Rc7 27. Qe4 Qd8 28.
Rg3 Rc6 29. f4 Rc7 30. Rgd3 f5 31. exf6 Qxf6 32. g3 Qf5 1/2-1/2

[Event "Sonderjysk EMT Basis 1 2011"]
[Site "Vojens"]
[Date "2011.05.30"]
[Round "5"]
[White "Asmund, Erik"]
[Black "Zahirovic, Senaid"]
[Result "0-1"]
[WhiteElo "1624"]
[BlackElo "1647"]
[PlyCount "85"]
[EventDate "2011.??.??"]

1. b4 e5 2. Bb2 d6 3. c4 Nf6 4. e3 Be6 5. b5 Nbd7 6. Nc3 Be7 7. d3 O-O 8. Nf3
c6 9. Be2 Qc7 10. O-O Rad8 11. Qc2 d5 12. a4 Bd6 13. Rac1 Nc5 14. Ba3 Ncd7 15.
Bxd6 Qxd6 16. Ng5 Bg4 17. Bxg4 Nxg4 18. h3 Ngf6 19. e4 d4 20. Ne2 Nc5 21. Rb1
Nfd7 22. Ng3 Qf6 23. Nf3 Ne6 24. Kh2 Ndc5 25. Ne2 Nf4 26. Nxf4 Qxf4+ 27. Kg1 f5
28. exf5 Qxf5 29. Rbd1 Qg6 30. Nxe5 Qg5 31. Rde1 Rf5 32. Ng4 h5 33. Nh2 Rdf8
34. Re2 R8f6 35. Qd1 Ne6 36. Rxe6 Rxe6 37. Re1 Rg6 38. Re8+ Kh7 39. g4 Qf4 40.
f3 Qg3+ 41. Kh1 Qxh3 42. Qe2 hxg4 43. fxg4 0-1

[Event "Sonderjysk EMT Basis 1 2011"]
[Site "Vojens"]
[Date "2011.05.30"]
[Round "5"]
[White "Feldborg, Henrik"]
[Black "Jensen, Karl Orskov"]
[Result "0-1"]
[WhiteElo "1652"]
[BlackElo "1483"]
[PlyCount "118"]
[EventDate "2011.??.??"]

1. d4 d5 2. Nf3 Bf5 3. e3 Nf6 4. c4 e6 5. Qb3 b6 6. Nc3 c6 7. cxd5 exd5 8. Be2
Bd6 9. O-O Qc7 10. Bd2 O-O 11. Rac1 Qd7 12. Rfd1 Qe7 13. a3 b5 14. Ne1 Ng4 15.
g3 Nf6 16. Nd3 Na6 17. Na2 Rfc8 18. Nab4 Nxb4 19. Nxb4 Qb7 20. Nd3 Ne4 21. Bb4
Qb8 22. Bxd6 Nxd6 23. Ne5 Nc4 24. Nxc4 bxc4 25. Qxb8 Raxb8 26. Rd2 Rb6 27. h4
h6 28. g4 Be6 29. Kg2 f5 30. f3 Rb3 31. Kf2 fxg4 32. fxg4 Rf8+ 33. Kg2 Rxe3 34.
Rf1 c3 35. Rxf8+ Kxf8 36. bxc3 Rxc3 37. a4 Ra3 38. Bd1 g5 39. hxg5 hxg5 40. Rb2
Rd3 41. Rb8+ Ke7 42. Rb7+ Kd6 43. Be2 Rxd4 44. Rxa7 Bxg4 45. Bf1 Rd2+ 46. Kg3
Be2 47. Bh3 g4 48. Bxg4 Bxg4 49. Kxg4 Ra2 50. Kf3 Kc5 51. Ke3 Kb4 52. Kd4 Rd2+
53. Ke3 Rd1 54. Ke2 Ra1 55. Ra6 c5 56. Kd3 Ra3+ 57. Kc2 Rxa4 58. Rd6 d4 59. Kb2
Kc4 0-1

[Event "Sonderjysk EMT Basis 1 2011"]
[Site "Graasten"]
[Date "2011.06.05"]
[Round "5"]
[White "Clausen, Hansjorgen"]
[Black "Clausen, Jorgen"]
[Result "1/2-1/2"]
[WhiteElo "1626"]
[BlackElo "1741"]
[PlyCount "23"]
[EventDate "2011.??.??"]

1. d4 d5 2. Nf3 Nf6 3. e3 c6 4. c4 e6 5. Nc3 Bd6 6. c5 Bc7 7. b4 Nbd7 8. Be2
O-O 9. O-O e5 10. dxe5 Nxe5 11. Bb2 Qe7 12. Qc2 1/2-1/2

[Event "Sonderjysk EMT Basis 1 2011"]
[Site "Vojens"]
[Date "2011.06.06"]
[Round "6"]
[White "Zahirovic, Senaid"]
[Black "Johnk, Gert C"]
[Result "0-1"]
[WhiteElo "1647"]
[BlackElo "1807"]
[PlyCount "82"]
[EventDate "2011.??.??"]

1. e4 c6 2. c4 e5 3. Nf3 d6 4. Nc3 f5 5. exf5 Bxf5 6. Be2 Nf6 7. d3 Nbd7 8. Bg5
Be7 9. O-O Qc7 10. Nh4 Be6 11. f4 O-O-O 12. Rc1 Rhe8 13. b4 Qb6+ 14. Kh1 Qxb4
15. Bf3 h6 16. Bxf6 Bxf6 17. Rb1 Qxc3 18. Bxc6 b6 19. Qa4 Qa5 20. Qxa5 bxa5 21.
Rb7 Nb8 22. Bf3 Rd7 23. Rb5 Bd8 24. Rfb1 Bb6 25. f5 Bf7 26. Be4 Kc7 27. Nf3 Na6
28. Nd2 Nc5 29. g4 d5 30. Bf3 dxc4 31. Nxc4 Bxc4 32. dxc4 e4 33. Be2 Rd2 34.
R5b2 Red8 35. Kg2 Na4 36. Rxd2 Rxd2 37. Kf1 Nc3 38. Re1 Rxe2 39. Rxe2 Nxe2 40.
Kxe2 Kd6 41. h4 Ke5 0-1

[Event "Sonderjysk EMT Basis 1 2011"]
[Site "Vojens"]
[Date "2011.06.06"]
[Round "6"]
[White "Schroder, Borge"]
[Black "Clausen, Hansjorgen"]
[Result "0-1"]
[WhiteElo "1686"]
[BlackElo "1626"]
[PlyCount "50"]
[EventDate "2011.??.??"]

1. c4 Nf6 2. Nc3 e6 3. g3 c6 4. Bg2 d5 5. b3 Be7 6. Bb2 Nbd7 7. e3 O-O 8. Nge2
Nc5 9. d4 Na6 10. cxd5 exd5 11. O-O Nc7 12. Qc1 Be6 13. Ba3 Bxa3 14. Qxa3 a6
15. Na4 Nb5 16. Qb2 Re8 17. Rac1 Nd7 18. Nf4 Qe7 19. Nd3 Bf5 20. Nac5 Nxc5 21.
Nxc5 Nd6 22. Qa3 Ne4 23. Qb4 Nxc5 24. Rxc5 Rab8 25. Rfc1 b6 0-1

[Event "Sonderjysk EMT Basis 1 2011"]
[Site "Vojens"]
[Date "2011.06.06"]
[Round "6"]
[White "Jensen, Karl Orskov"]
[Black "Clausen, Jorgen"]
[Result "0-1"]
[WhiteElo "1483"]
[BlackElo "1741"]
[PlyCount "34"]
[EventDate "2011.??.??"]

1. e4 c5 2. Nf3 d6 3. b3 Nf6 4. Nc3 a6 5. d4 cxd4 6. Qxd4 Nc6 7. Qd2 b5 8. Bd3
Bb7 9. Ne2 e5 10. c4 bxc4 11. Bxc4 Nxe4 12. Qd5 Qa5+ 13. Bd2 Qxd5 14. Bxd5 Nxd2
15. Nxd2 Na5 16. Nc3 Rc8 17. Rc1 Bxd5 0-1

[Event "Sonderjysk EMT Basis 1 2011"]
[Site "Vojens"]
[Date "2011.06.06"]
[Round "6"]
[White "Feldborg, Henrik"]
[Black "Asmund, Erik"]
[Result "1/2-1/2"]
[WhiteElo "1652"]
[BlackElo "1624"]
[PlyCount "40"]
[EventDate "2011.??.??"]

1. e4 e5 2. Nf3 Nc6 3. Bc4 h6 4. O-O Nf6 5. Re1 Be7 6. c3 d6 7. h3 O-O 8. d4
exd4 9. cxd4 Nh7 10. Nc3 a6 11. Qc2 Kh8 12. Be3 Bg5 13. Nxg5 Nxg5 14. Qd2 f5
15. f4 Nxe4 16. Nxe4 fxe4 17. Qc2 d5 18. Be2 Ne7 19. g4 c6 20. Kg2 Qd6 1/2-1/2

[Event "Sonderjysk EMT Basis 1 2011"]
[Site "Vojens"]
[Date "2011.06.09"]
[Round "7"]
[White "Clausen, Jorgen"]
[Black "Schroder, Borge"]
[Result "1/2-1/2"]
[WhiteElo "1741"]
[BlackElo "1686"]
[PlyCount "36"]
[EventDate "2011.??.??"]

1. d4 b6 2. e4 Bb7 3. Bd3 e6 4. Ne2 Nf6 5. Ng3 c5 6. Bg5 Be7 7. dxc5 bxc5 8. e5
Nd5 9. Bxe7 Nxe7 10. O-O Qb6 11. Nd2 Bd5 12. c4 Bb7 13. Be4 Nbc6 14. b3 Nxe5
15. Bxb7 Qxb7 16. Nde4 O-O 17. Nxc5 Qc6 18. Qd4 N7g6 1/2-1/2

[Event "Sonderjysk EMT Basis 1 2011"]
[Site "Vojens"]
[Date "2011.06.09"]
[Round "7"]
[White "Clausen, Hansjorgen"]
[Black "Zahirovic, Senaid"]
[Result "0-1"]
[WhiteElo "1626"]
[BlackElo "1647"]
[PlyCount "60"]
[EventDate "2011.??.??"]

1. d4 e6 2. c4 b6 3. e4 Bb7 4. Bd3 Ne7 5. Nc3 Ng6 6. Nf3 Nc6 7. a3 Be7 8. Be3
O-O 9. O-O d6 10. Qc2 Qd7 11. d5 Nce5 12. Nxe5 Nxe5 13. h3 Nxd3 14. Qxd3 e5 15.
b4 f5 16. exf5 Rxf5 17. b5 Raf8 18. Ne4 Bc8 19. Bd2 Qe8 20. Qg3 Rh5 21. f4 Bh4
22. Qd3 Qg6 23. Kh1 Bf5 24. fxe5 Bxe4 25. Rxf8+ Kxf8 26. Qf1+ Kg8 27. e6 Bf6
28. Re1 Rxh3+ 29. Kg1 Bd4+ 30. Be3 Rxe3 0-1

[Event "Sonderjysk EMT Basis 1 2011"]
[Site "Vojens"]
[Date "2011.06.09"]
[Round "7"]
[White "Johnk, Gert C"]
[Black "Feldborg, Henrik"]
[Result "0-1"]
[WhiteElo "1807"]
[BlackElo "1652"]
[PlyCount "60"]
[EventDate "2011.??.??"]

1. e4 d5 2. exd5 Nf6 3. d4 Nxd5 4. c4 Nb6 5. Nf3 Bf5 6. Nc3 e6 7. Bd3 Bg4 8.
Be3 Nc6 9. Be4 Qd7 10. d5 exd5 11. cxd5 Na5 12. Ne5 Bxd1 13. Nxd7 Nxd7 14. Rxd1
Nc4 15. Bc1 Bc5 16. O-O O-O 17. Nb5 Nf6 18. Bd3 Nb6 19. Nxc7 Rad8 20. Nb5 Nbxd5
21. Bc4 a6 22. Nd4 Nb6 23. Nb3 Bxf2+ 24. Kxf2 Nxc4 25. Nc5 Ng4+ 26. Kg3 Nge3
27. Bxe3 Nxe3 28. Rxd8 Nxf1+ 29. Kf2 Rxd8 30. Kxf1 Rd2 0-1